[Event "Novosibirsk CC-ch"]
[Site "Novosibirsk"]
[Date "2007.01.23"]
[Round "7"]
[White "Reshetnikov, Vasily"]
[Black "Yakovenko, Alexander"]
[Result "1/2-1/2"]
[WhiteElo "100"]
[BlackElo "1898"]
[PlyCount "51"]
[EventDate "2007.01.14"]
[EventType "swiss"]
[EventRounds "11"]
[EventCountry "RUS"]
[SourceTitle "EXT 2010"]
[Source "ChessBase"]
[SourceDate "2010.11.25"]
[SourceVersion "1"]
[SourceVersionDate "2010.11.25"]
[SourceQuality "1"]

1. d4 d5 2. Nf3 Nf6 3. Bg5 Bg4 4. e3 Nbd7 5. c4 c6 6. Nc3 e6 7. h3 Bh5 8. Bf4 Qa5 9. c5 e5 10. dxe5 Ne4 11. Qa4 Qxa4 12. Nxa4 Nexc5 13. Nc3 Bxf3 14. gxf3 g6 15. Bg3 Bg7 16. f4 0-0 17. 0-0-0 b5 18. b4 Ne6 19. Bd3 f5 20. Kb2 a5 21. a3 axb4 22. axb4 Ra7 23. Ra1 Rfa8 24. Rxa7 Rxa7 25. Ra1 Rxa1 26. Kxa1 1/2-1/2

[Event "Novosibirsk CC-ch"]
[Site "Novosibirsk"]
[Date "2007.01.17"]
[Round "3"]
[White "Reshetnikov, Vasily"]
[Black "Toropov, Viktor"]
[Result "1/2-1/2"]
[WhiteElo "100"]
[BlackElo "2149"]
[PlyCount "79"]
[EventDate "2007.01.14"]
[EventType "swiss"]
[EventRounds "11"]
[EventCountry "RUS"]
[SourceTitle "EXT 2010"]
[Source "ChessBase"]
[SourceDate "2010.11.25"]
[SourceVersion "1"]
[SourceVersionDate "2010.11.25"]
[SourceQuality "1"]

1. d4 d6 2. e4 Nf6 3. Nc3 g6 4. f3 Bg7 5. Be3 Nbd7 6. Nge2 c6 7. g4 e5 8. Ng3 Qb6 9. Qd2 Qxb2 10. Rb1 Qa3 11. g5 Nh5 12. Nxh5 gxh5 13. d5 0-0 14. dxc6 bxc6 15. Rb3 Qa5 16. Qxd6 c5 17. Bb5 Rb8 18. 0-0 a6 19. Bxd7 Rxb3 20. cxb3 Qxc3 21. Bd2 Qb2 22. Bxc8 Rxc8 23. Qxa6 Qd4+ 24. Kh1 Rd8 25. Ba5 Rd6 26. Qe2 h6 27. gxh6 Bxh6 28. Rg1+ Kh7 29. Be1 Be3 30. Rg2 Bf4 31. Bg3 Bh6 32. Bf2 Qc3 33. Be1 Qc1 34. Rg1 Bf4 35. Bg3 Qc3 36. Bxf4 exf4 37. e5 Rg6 38. Rxg6 fxg6 39. h4 Qc1+ 40. Kg2 1/2-1/2